FINANCE THE BASICS (Record no. 29526)

MARC details
000 -LEADER
fixed length control field 00338nam a22001577a 4500
003 - CONTROL NUMBER IDENTIFIER
control field SGT
020 ## - INTERNATIONAL STANDARD BOOK NUMBER
International Standard Book Number 978-1-03-238160-2
082 ## - DEWEY DECIMAL CLASSIFICATION NUMBER
Classification number 632
Item number BAN
100 ## - MAIN ENTRY--PERSONAL NAME
Personal name BANKS, ERIK
245 ## - TITLE STATEMENT
Title FINANCE THE BASICS
250 ## - EDITION STATEMENT
Edition statement 4TH
260 ## - PUBLICATION, DISTRIBUTION, ETC. (IMPRINT)
Place of publication, distribution, etc INDIA
Name of publisher, distributor, etc ROUTLEDGE PUB
Year of Publication 2023
300 ## - PAGE DESCRIPTION
No. of Pages 357
650 ## - SUBJECT ADDED ENTRY--TOPICAL TERM
Topical term or geographic name as entry element FINANCE MANAGEMENT
942 ## - ADDED ENTRY ELEMENTS (KOHA)
Source of classification or shelving scheme Dewey Decimal Classification
Koha item type Books
Holdings
Withdrawn status Lost status Source of classification or shelving scheme Damaged status Not for loan Collection code Home library Current library Shelving location Date acquired Vendor Name Cost, normal purchase price SGTU Bill Number Total Checkouts Full call number Accession No. (Barcode) Date last seen Bill Date Koha item type
    Dewey Decimal Classification   Not For Loan COMMERCE MANAGEMENT SGT Science & Social Sciences Library SGT Science & Social Sciences Library Reference Book 30/01/2025 SAVERA BOOK DISTRIBUTORS 2073.00 SGTU 24-25/CRB/763   632 BAN CM7339 30/01/2025   Books